000 00660nam a22002297i 4500
003 URS
005 20220114153031.0
008 160524b xxu||||| |||| 00| 0 eng d
020 _a971087120X
040 _erda
_cURSP-College Library
_beng
050 _bZ8i 2011
100 1 _aZulueta, Francisco M.
245 _aIntroduction to Political Science
_cZulueta, Francisco M.
264 1 _aMandaluyong City
_bNational Book Store
_c2011.
300 _axv,340pages
_c22cm
336 _atext
_btxt
_2rdacontent
337 _aunmediated
_bn
_2rdamedia
338 _avolume
_bnc
_2rdacarrier
500 _aIncludes bibliography
650 0 _aPolitics.
942 _2lcc
_cF
999 _c8047
_d8047